Journal of African Law (Record no. 3672)

MARC details
000 -LEADER
fixed length control field 00338nam a22001217a 4500
008 - FIXED-LENGTH DATA ELEMENTS--GENERAL INFORMATION
fixed length control field 230704b xxu||||| |||| 00| 0 eng d
082 ## - DEWEY DECIMAL CLASSIFICATION NUMBER
Classification number 340.690
Item number JAL 1999
245 ## - TITLE STATEMENT
Title Journal of African Law
260 ## - PUBLICATION, DISTRIBUTION, ETC. (IMPRINT)
Name of publisher, distributor, etc. School of Oriental and African Studies,University of London
Date of publication, distribution, etc. 1999
300 ## - PHYSICAL DESCRIPTION
Extent 257p
440 ## - SERIES STATEMENT/ADDED ENTRY--TITLE
Number of part/section of a work 2
Volume/sequential designation 43
International Standard Serial Number 02218553
942 ## - ADDED ENTRY ELEMENTS (KOHA)
Source of classification or shelving scheme Dewey Decimal Classification
Koha item type Books
Holdings
Withdrawn status Lost status Source of classification or shelving scheme Damaged status Not for loan Home library Current library Date acquired Total Checkouts Full call number Checked out Date last seen Price effective from Koha item type Barcode
    Dewey Decimal Classification     County Hall Archives County Hall Archives 07/04/2023   340.690 JAL 1999 12/23/2021 07/04/2023 07/04/2023 Books  
    Dewey Decimal Classification     County Hall Archives County Hall Archives 07/04/2023   340.690 JAL 1999   07/04/2023 07/04/2023 Books 10009092
LIBRARY OPENING HOURS

When the Parliament is sitting: 8.00a.m - 7.00p.m or until the house adjourns
Mondays and Fridays and when the House is on Recess:  8.00a.m - 5.00p.m
Closed on Weekends and Public Holidays

Online Public Access Catalog (OPAC)
Website: http://www.parliament.go.ke
Bunge Library: https://libraryir.parliament.go.ke
Contact: library@parliament.go.ke | Tel no: (254-2)2221291 or 2848000 Ext 5043